000 00402nam a2200133Ia 4500
008 230917s9999||||xx |||||||||||||| ||und||
040 _e37199
_aMAIN
041 _aEnglish
082 _a954.03 G959N
100 _aGupta, Amit Kumar
245 0 _aNorth West frontier province legisature and freedom struggle 1932-47
260 _aNew Delhi
_bIndian Institute of Historical Research
_c1976
942 _cBK
999 _c183864
_d183864